000 00661nam a22002177a 4500
003 UA-OsUOA
001 122836
007 ta
008 20170523b un ||||| |||| 00| 0 ukr d
100 _aГончарова Є.
090 _a32
_bГ65
942 _cSA
040 _aUA-OsUOA
_bukr
_cUA-OsUOA
_dUA-OsUOA
245 _aШляхи деокупації. Про можливі сценарії подолання наслідків розмежування Донбасу
300 _aС.20-22
955 _a0
041 _aukr
080 _a32
773 0 _w122835
_tУкраїнський тиждень
_dК.
_d2017
_g19
650 7 _a32 Політика
_2UDC
999 _c409464
_d409464